[Event "Lagoas op 4th"]
[Site "Lagoas"]
[Date "2019.09.28"]
[Round "2"]
[White "Goncalves, Valdecy Rezende"]
[Black "Pinho, Felipe Maldonado Le"]
[Result "1-0"]
[WhiteElo "1826"]
[BlackElo "1791"]
[PlyCount "89"]
[EventDate "2019.09.27"]
[EventType "swiss"]
[EventRounds "5"]
[EventCountry "BRA"]
[SourceTitle "EXT 2020"]
[Source "ChessBase"]
[SourceDate "2019.10.17"]
[SourceVersion "1"]
[SourceVersionDate "2019.10.17"]
[SourceQuality "1"]

1. e4 e5 2. Nf3 Nc6 3. d4 exd4 4. Nxd4 Be7 5. Bc4 Nf6 6. Nf5 0-0 7. 0-0 d6 8. Nxe7+ Qxe7 9. Re1 Bg4 10. f3 Be6 11. Bd5 Qd7 12. c3 Bxd5 13. exd5 Ne7 14. c4 Qf5 15. Rxe7 Rac8 16. Nc3 Rfe8 17. Rxe8+ Rxe8 18. Ne2 Qe5 19. Kf2 Qf5 20. Nf4 Qe5 21. Rb1 Nd7 22. b4 Nb6 23. Rb2 Na4 24. Re2 Nc3 25. Rxe5 Nxd1+ 26. Ke1 dxe5 27. Ne2 Nc3 28. Nxc3 f5 29. Nb5 Re7 30. Nxa7 e4 31. f4 e3 32. c5 Re4 33. a3 Rxf4 34. Bxe3 Re4 35. Kd2 h6 36. Nb5 Re7 37. Nd4 Rd7 38. c6 bxc6 39. dxc6 Rd6 40. Kc3 g6 41. Bxh6 Kh7 42. Bf4 Rd8 43. Bxc7 Rc8 44. Bf4 Kg7 45. b5 1-0

[Event "Campo Grande Sul Mato op"]
[Site "Campo Grande"]
[Date "2015.09.06"]
[Round "4"]
[White "Gazineu Neto, Rubens"]
[Black "Goncalves, Valdecy Rezende"]
[Result "1-0"]
[WhiteElo "2008"]
[BlackElo "1815"]
[PlyCount "79"]
[EventDate "2015.09.05"]
[EventType "swiss"]
[EventRounds "6"]
[EventCountry "BRA"]
[SourceTitle "EXT 2016"]
[Source "ChessBase"]
[SourceDate "2015.10.08"]
[SourceVersion "1"]
[SourceVersionDate "2015.10.08"]
[SourceQuality "1"]

1. e4 c6 2. d4 d6 3. Nf3 Qc7 4. c4 Nd7 5. Nc3 e5 6. Be2 Ngf6 7. 0-0 Be7 8. h3 0-0 9. Be3 h6 10. a3 Re8 11. b4 b6 12. Qc2 Bb7 13. Rac1 Rac8 14. d5 Nf8 15. Qd3 Ng6 16. Rfe1 Nh5 17. g3 Qd7 18. Bf1 Rf8 19. dxc6 Bxc6 20. Nd5 Bd8 21. Bg2 Nf6 22. Bf1 Nh7 23. Bd2 f5 24. exf5 Rxf5 25. Bg2 Rf8 26. Qxg6 Nf6 27. Nh2 Qe6 28. Ng4 Be8 29. Ngxf6+ Bxf6 30. Qd3 Bd8 31. Be3 Bg6 32. Qd2 Kh7 33. Kh2 Rf5 34. Qe2 Bg5 35. Bxg5 hxg5 36. Be4 Rff8 37. Qh5+ Kg8 38. Bxg6 Rxf2+ 39. Kg1 Rxc4 40. Qh7+ 1-0

[Event "Tres Lagoas nt"]
[Site "Tres Lagoas"]
[Date "2015.08.09"]
[Round "4.2"]
[White "Souza dos Santos, Matheus Garcett"]
[Black "Goncalves, Valdecy Rezende"]
[Result "0-1"]
[WhiteElo "1956"]
[BlackElo "1896"]
[PlyCount "70"]
[EventDate "2015.08.08"]
[EventType "swiss"]
[EventRounds "5"]
[EventCountry "BRA"]
[SourceTitle "EXT 2022"]
[Source "ChessBase"]
[SourceDate "2021.10.06"]
[SourceVersion "1"]
[SourceVersionDate "2021.10.06"]
[SourceQuality "1"]

1. e4 c6 2. d3 d6 3. g3 Qc7 4. Bg2 Nd7 5. Nf3 e5 6. 0-0 Ngf6 7. Re1 Be7 8. Nbd2 0-0 9. Nf1 d5 10. Nh4 Re8 11. Nf5 Bf8 12. Bg5 h6 13. Bd2 Kh7 14. Kh1 g6 15. Nh4 Bg7 16. c3 Nf8 17. Ne3 Be6 18. Qe2 Rad8 19. Rg1 Qd7 20. f4 dxe4 21. fxe5 exd3 22. Qf2 Ng4 23. Nxg4 Bxg4 24. Nf3 b6 25. Qf1 c5 26. h3 Be6 27. Re1 Bxa2 28. g4 Ne6 29. h4 Bc4 30. h5 g5 31. Qf2 Nf4 32. Re4 Bd5 33. Qe3 Qxg4 34. Nh2 Nxg2 35. Nxg4 Nxe3 0-1

[Event "Campo Grande op 2nd"]
[Site "Campo Grande"]
[Date "2014.09.07"]
[Round "4"]
[White "Goncalves, Valdecy Rezende"]
[Black "Gazi Ribeiro, Gustavo Luis"]
[Result "1-0"]
[WhiteElo "1882"]
[BlackElo "1737"]
[PlyCount "69"]
[EventDate "2014.09.05"]
[EventType "swiss"]
[EventRounds "5"]
[EventCountry "BRA"]
[SourceTitle "CBM 162 Extra"]
[Source "ChessBase"]
[SourceDate "2014.10.17"]
[SourceVersion "1"]
[SourceVersionDate "2014.10.17"]
[SourceQuality "1"]

1. e4 e5 2. Nf3 Nc6 3. Bb5 a6 4. Ba4 Nf6 5. 0-0 Bc5 6. c3 d5 7. d4 exd4 8. cxd4 Ba7 9. e5 Ne4 10. Nc3 Nxc3 11. bxc3 h6 12. h3 0-0 13. Nh2 b5 14. Bc2 Be6 15. Qh5 f5 16. Bxh6 gxh6 17. Qg6+ Kh8 18. Qxh6+ Kg8 19. Qxe6+ Rf7 20. Qxc6 Qg5 21. Qxa8+ Kh7 22. Qxd5 Rg7 23. f4 Qg6 24. Ng4 c6 25. Nf6+ Kh6 26. Qxc6 Bb6 27. Ng4+ Kh7 28. Bxf5 Qxf5 29. Qh6+ Kg8 30. Qxb6 Qg6 31. Qd8+ Kh7 32. Nf6+ Kh6 33. g4 Rh7 34. Ne8 Qd3 35. Qg5# 1-0